| 000 | 01328nam2a22002411 4500 | ||
|---|---|---|---|
| 001 | rc\4500716 | ||
| 005 | 20250611185054.0 | ||
| 035 | _a(NLR Aleph) 008342849 | ||
| 090 |
_a8888140 _c8888140 |
||
| 100 | _a20130416d1964 |||y0rusy50 ca | ||
| 101 | 0 | _arus | |
| 102 | _aRU | ||
| 105 | _ay b ||||| | ||
| 200 | 1 |
_aКаталог буровых скважин _hКн. 5 _iПриазовский район |
|
| 210 |
_aМосква _cБ. и. _d1964 |
||
| 215 | _a281 с. | ||
| 333 | _aДСП. Экз. № 243 | ||
| 461 | 0 |
_1001rc\4500709 _12001#$aКадастр подземных вод СССР$eЗапорожская область$e[В 2 т.]$fСост. Г.Т. Тяжлов, А.Т. Полторапавлов, В.Е. Тяжлова$gГос. геол. ком. СССР. Всесоюз. геол. фонд. Гл. упр. геологии и охраны недр при Совете Министров УССР. Трест Днепрогеология. Т. 1-2$vТ. 2 _98888101 _cМосква _d1964 _fСост. Г.Т. Тяжлов, А.Т. Полторапавлов, В.Е. Тяжлова _nБ. и. _oЗапорожская область : [В 2 т.] _p8 т. _tКадастр подземных вод СССР _vТ. 2 |
|
| 801 | 0 |
_aRU _bNLR _gpsbo |
|
| 801 | 1 |
_aRU _bELAR _2rusmarc |
|
| 852 |
_aNLR _j65-7/1071 |
||
| 942 | _cBOOK | ||
| 980 | _aNB | ||